Normal view
MARC view
- عرض وتحليل: جمعة، احمد حلمي
Entry Personal Name
001 - CONTROL NUMBER
- control field: 28223
003 - CONTROL NUMBER IDENTIFIER
- control field: JO-AjAnu
005 - DATE AND TIME OF LATEST TRANSACTION
- control field: 20230606074802.0
008 - FIXED-LENGTH DATA ELEMENTS
- fixed length control field: 230606|| aca||aabn | a|a d
040 ## - CATALOGING SOURCE
- Original cataloging agency: JO-AjAnu
- Transcribing agency: JO-AjAnu
100 ## - HEADING--PERSONAL NAME
- Personal name: عرض وتحليل: جمعة، احمد حلمي
670 ## - SOURCE DATA FOUND
- Source citation: Work cat.: (JO-AjAnu)14488: عرض وتحليل: جمعة، احمد حلمي, author, تطور معايير التدقيق والتأكيد الدولية وقواعد اخلاقيات المهنة: التدقيق البيئي - مراعاة عمل التدقيق الداخلي - الاستفادة من عمل الخبير - الاسفادة من عمل مدقق آخر - تدقيق المنشآت الصغيرة